| 000 | 01846nam0a2200325 4500 | ||
|---|---|---|---|
| 001 | RU\NLR\bibl\60365 | ||
| 005 | 20260407132225.0 | ||
| 010 |
_a5-7755-0067-9 _915000 |
||
| 021 |
_aRU _b99-39723 _91961 |
||
| 035 | _a(NLR Aleph) 000058880 | ||
| 090 |
_a319659 _c319660 |
||
| 100 | _a19991123d1999 |||y0rusy50 ca | ||
| 101 | 0 | _arus | |
| 102 | _aRU | ||
| 105 | _aa ||||||||| | ||
| 200 | 1 |
_aПрактикум по основам экономической теории _eУчеб. пособие для 10-11 кл. общеобразоват. шк. с углубл. изучением экономики _fГос. ун-т Высш. шк. экономики _g[Подгот. д.э.н., проф. С.И. Иванов и др.] _gПод ред. д.э.н., проф. С.И. Иванова |
|
| 210 |
_aМ. _cВита-Пресс _d1999 |
||
| 215 |
_a271 с. _cил. _d21 |
||
| 300 | _aНа обороте тит. л. и на обл. в надзаг.: Федер. целевая программа книгоизд. России, Tacis | ||
| 606 | 0 |
_aЭкономика _jРуководства, пособия и т.п. для средней школы _xТеория _91565397 _3RU\NLR\auth\66985247 |
|
| 606 | 0 |
_aЭкономика _jУчебные издания для средней школы _xТеория _91565397 _3RU\NLR\auth\66985247 |
|
| 686 | _aУ010я721-1 | ||
| 702 | 1 |
_4220 _7ca _8rus _aИванов _bС. И. _cд-р экон. наук, экон. теория _f1927- _gСергей Иванович _914205 _3RU\NLR\auth\7731194 |
|
| 712 | 0 | 2 |
_4570 _aГосударственный университет - Высшая школа экономики _cМосква _9481860 _3RU\NLR\AUTH\889992758 |
| 801 | 0 |
_aRU _bNLR _c19991123 _gPSBO |
|
| 801 | 1 |
_aRU _bNLR _c19991123 |
|
| 852 |
_aNLR _j99-5/3751 |
||
| 942 | _cBOOK | ||
| 980 | _aNB | ||